| 000 -LEADER |
| fixed length control field |
00329nam a2200133Ia 4500 |
| 008 - FIXED-LENGTH DATA ELEMENTS--GENERAL INFORMATION |
| fixed length control field |
200103s9999||||xx |||||||||||||| ||und|| |
| 082 ## - DEWEY DECIMAL CLASSIFICATION NUMBER |
| Classification number |
Column-43 |
| 100 ## - MAIN ENTRY--PERSONAL NAME |
| Personal name |
Cotter, Charles H. |
| 245 #4 - TITLE STATEMENT |
| Title |
The Master and his Ship |
| 260 ## - PUBLICATION, DISTRIBUTION, ETC. (IMPRINT) |
| Name of publisher, distributor, etc |
The Maritime Press Ltd., London |
| Date of publication, distribution, etc |
1962 |
| 300 ## - PHYSICAL DESCRIPTION |
| Extent |
xiv, 242 |
| 942 ## - ADDED ENTRY ELEMENTS (KOHA) |
| Item type |
Books |